Gaming Quiz

Random Gaming Quiz

Professor Layton and the Miracle Mask chapters Quiz Stats

 Plays Quiz not verified by Sporcle

Also try: Board Game Slogans
Challenge
Share
Tweet
Embed
Score 0/10 Timer 05:00
0 Plays Today
One of the main events Chapter % Correct
You visit NorwellAngela's Tears
68.2%
You visit this buildingThe Reunion Inn
68.2%
You meet Angela for the first timeThe Masked Gentleman
54.5%
Angela reveals herselfThe City of Miracles
50%
The first miracle occursThe Carnival of Monte d'Or
45.5%
The second miracle occursDiscord in Monte d'Or
45.5%
The group discover a chamberThe Final Miracle
40.9%
Randall shows his friends the Mask of ChaosThe Secret of Norwell
36.4%
The third miracle occursOn the Gentleman's trail
36.4%
Layton's friend 'dies'The Ghosts of Akbadain
36.4%

You're not logged in!

Compare scores with friends on all Sporcle quizzes.
Join for Free
OR
Log In

You Might Also Like...

Show Comments

Extras

Top Quizzes Today


Score Distribution

Your Account Isn't Verified!

In order to create a playlist on Sporcle, you need to verify the email address you used during registration. Go to your Sporcle Settings to finish the process.

Report this User

Report this user for behavior that violates our Community Guidelines.

Details: